Music Quiz

Random Music or Artist Quiz

Top Concerts Tours (2008) Quiz Stats

 Plays Quiz Updated Aug 20, 2019

Score 0/15 Timer 05:00
1 Play Today
Total Gross Artist/Band on Tour % Correct
$185,696,018 Madonna
52.5%
$45,376,189Hannah Montana
43.4%
$204,513,630 Bruce Springsteen
32%
$86,306,618Kenny Chesney
20.2%
$210,650,974 Bon Jovi
18.8%
$41,133,051Billy Joel
17.5%
$56,625,336The Eagles
16%
$91,006,221 Celine Dion
13%
Total Gross Artist/Band on Tour % Correct
$149,623,800 The Police
12.8%
$55,863,364Rascal Flatts
9.8%
$70,123,272 Spice Girls
9.1%
$49,017,853Van Halen
5.4%
$81,206,383 Neil Diamond
4.1%
$46,333,163Michael Bublé
2.6%
$47,382,901Trans-Siberian Orchestra
1.9%

You're not logged in!

Compare scores with friends on all Sporcle quizzes.
OR
Log In

Sporcle TV

Today on Sporcle TV


Watch our educational content, quiz creation guides, and fun videos on Sporcle TV.

Show Comments

Extras

Top Quizzes Today


Score Distribution

Your Account Isn't Verified!

In order to create a playlist on Sporcle, you need to verify the email address you used during registration. Go to your Sporcle Settings to finish the process.

Report this User

Report this user for behavior that violates our Community Guidelines.

Details: